000 00692nam a2200229 a 4500
001 13800
003 BD-JhCC
005 20240323114006.0
008 240323b 2019b |||| ||a| 000 0 b d
020 _a9847012008072
035 _a(BD-JhCC)13800
040 _aBD-JhCC
_dBD-JhCC
041 _aben
082 _a891.4435
_bMAS 2019
100 _a মাসুদ, মুস্তাফা
245 _aমাকে নিয়ে গল্প /
_b মুস্তাফা মাসুদ
260 _aঢাকা:
_bকথা প্রকাশ;
_c2019.
300 _a111 p. :
_c22 cm.
650 _aশিশু-কিশোর গল্প
942 _2ddc
_cBK
999 _c13800
_d13800